Sun Tzu : war and management :

Bibliographic Details
Main Author: Wee Chow Hou
Other Authors: Lee Khai Sheang
Format: Book
Published: Singapore : Addison-Wesley Publishing Company , 1991
Subjects:

MARC

LEADER 00000cam a2200000 7i4500
001 0000002413
002 000002629
005 20000330.0
020 |a 0201509652 
090 0 0 |a 658   |b WEE 
100 0 |a Wee Chow Hou 
245 1 0 |a Sun Tzu :   |b war and management :   |b Application to strategic management and thinking   |c Wee Chow Hou,Lee Khai Sheang and Bambang Walujo Hidajat 
260 |a Singapore :   |b Addison-Wesley Publishing Company ,   |c 1991 
300 |a 307p. ;   |c 24cm. 
600 0 0 |a Sun-Tzu ,   |d 6th cent.B.C.   |x Views on management 
650 0 0 |a Industrial management   |z Japan 
650 0 0 |a Strategic planning   |z Japan 
700 0 |a Lee Khai Sheang 
999 |a 035982   |b BUKU   |c PINJAMAN   |e PERPUSTAKAAN KOMUNITI PETALING JAYA 
999 |a 035983   |b BUKU   |c PINJAMAN   |e PERPUSTAKAAN KOMUNITI PETALING JAYA